EPR study of photoinduced reactions in titanium dioxide suspensions

Enregistré dans:
Détails bibliographiques
Auteur principal: Tarábek, Peter (Auteur)
Format: Manuscrit Livre
Langue:anglais
Publié: Bratislava : STU v Bratislave FCHPT, 2002
Édition:Obháj.: 3.6.2002
Tags: Ajouter un tag
Pas de tags, Soyez le premier à ajouter un tag!

MARC

LEADER 00000ntm a22000003a 4500
001 stu76416
005 20150617225646.1
008 020702s2002----xo------------------eng-d
040 |a STU  |b slo 
041 0 |a eng 
044 |a xo 
100 1 |a Tarábek, Peter  |4 aut 
245 1 |a EPR study of photoinduced reactions in titanium dioxide suspensions 
250 |a Obháj.: 3.6.2002 
260 |a Bratislava :  |b STU v Bratislave FCHPT,  |c 2002 
300 |a 84 s. Tab.,grafy,lit 
500 |a Špec.: Fyzikálna chémia 
996 |b 284C026750  |c C*D13514  |l CCI  |s A  |a 24  |w stu76416_0001